书目信息 |
| 题名: |
基金量化之道
|
|
| 作者: | 欧阳鹏程 编著 | |
| 分册: | ||
| 出版信息: | 北京 清华大学出版社 2025.03 |
|
| 页数: | 255页 | |
| 开本: | 24cm | |
| 丛书名: | 计算机技术开发与应用丛书 | |
| 单 册: | ||
| 中图分类: | F830.45-39 | |
| 科图分类: | ||
| 主题词: | 基金--应用软件--软件开发 | |
| 电子资源: | ||
| ISBN: | 978-7-302-67913-4 | |
| 000 | 01116nam0 2200253 450 | |
| 001 | 013623213 | |
| 005 | 20251022183107.97 | |
| 010 | @a978-7-302-67913-4@dCNY69.00 | |
| 100 | @a20250523d2025 em y0chiy0120 ea | |
| 101 | 0 | @achi |
| 102 | @aCN@b110000 | |
| 105 | @aa z 000yy | |
| 106 | @ar | |
| 200 | 1 | @a基金量化之道@9ji jin liang hua zhi dao@e系统搭建与实践精要@f欧阳鹏程编著 |
| 210 | @a北京@c清华大学出版社@d2025.03 | |
| 215 | @a255页@c图@d24cm | |
| 225 | 1 | @a计算机技术开发与应用丛书 |
| 330 | @a本书共分为7章,第1~3章分别介绍基金的基础知识、Python环境的搭建与常用的Python工具,作为后几章代码编写的基础;第4章着重介绍如何从零开始搭建量化分析系统,其中包含不同模块的设计;第5章与第6章介绍如何在量化系统中实现不同的交易框架和策略;第7章介绍将量化系统上线,并配置监控进行运营管理的方法。书中的代码附有详细注释,以帮助读者加深对量化系统的构建过程与交易策略的理解。 | |
| 461 | 0 | @12001 @a计算机技术开发与应用丛书 |
| 606 | 0 | @a基金@x应用软件@x软件开发 |
| 690 | @aF830.45-39@v5 | |
| 701 | 0 | @a欧阳鹏程@9ou yang peng cheng@4编著 |
| 801 | 0 | @aCN@c20250910 |
| 905 | @a河南城建学院图书馆@dF830.4@eO520@ZO520@f1 | |
| 基金量化之道:系统搭建与实践精要/欧阳鹏程编著.-北京:清华大学出版社,2025.03 |
| 255页:图;24cm.-(计算机技术开发与应用丛书) |
| ISBN 978-7-302-67913-4:CNY69.00 |
| 本书共分为7章,第1~3章分别介绍基金的基础知识、Python环境的搭建与常用的Python工具,作为后几章代码编写的基础;第4章着重介绍如何从零开始搭建量化分析系统,其中包含不同模块的设计;第5章与第6章介绍如何在量化系统中实现不同的交易框架和策略;第7章介绍将量化系统上线,并配置监控进行运营管理的方法。书中的代码附有详细注释,以帮助读者加深对量化系统的构建过程与交易策略的理解。 |
| ● |
| 相关链接 |
|
|
|
正题名:基金量化之道
索取号:F830.4/O520
 
预约/预借
| 序号 | 登录号 | 条形码 | 馆藏地/架位号 | 状态 | 备注 |
| 1 | 1634351 | 216343516 | 社科库409/409社科库 51排1列3层/ [索取号:F830.4/O520] | 在馆 |